| 000 | 01123naa a22003017a 4500 | ||
|---|---|---|---|
| 001 | BR9302049 | ||
| 003 | BR-BrBNA | ||
| 005 | 20240918181046.0 | ||
| 007 | ta | ||
| 008 | 230509b bl.||||| |||| 00| 0 por d | ||
| 040 |
_aBR-BrBNA _bpor _cBiblioteca Nacional de Agricultura |
||
| 041 | _a(Pt) | ||
| 072 |
_aJ11 _b1410 |
||
| 090 | _aJ11 BR9302049 | ||
| 100 | 1 | _aLinares, A.W. | |
| 100 | 1 | _aGedanken, A. | |
| 100 | 1 | _aHara, T. | |
| 111 | 1 |
_a22. Congresso Brasileiro de Engenharia Agricola _cIlheus, BA (Brazil) _d19-23 Jul 1993 |
|
| 245 | 1 | _aArmazenagem de feijao carioquinha em prototipo de silo com sistema modificador de atmosfera "Biokontrol" | |
| 260 | 3 |
_aIlheus, BA (Brasil): _c1993. |
|
| 500 | _a22. Congresso Brasileiro de Engenharia Agricola. Anais Ilheus, BA (Brasil): 1993. v. 2 p. 1158-1164 (BR9302049-AM)J11 | ||
| 650 | _aFeijao | ||
| 650 | _aArmazenamento de Alimento | ||
| 650 | _aTeor de Umidade | ||
| 773 | 0 |
_t22. Congresso Brasileiro de Engenharia Agricola. Anais _wJ11 BR9302049 _gIlheus, BA (Brasil), 1993. v. 2 p. 1158-1164 |
|
| 909 |
_a202404 _bLucia _c55 _dLucia Elande |
||
| 942 |
_cAM _2AGRIS |
||
| 999 |
_c323420 _d323420 |
||